| 000 | 00743nam a2200205Ia 4500 | ||
|---|---|---|---|
| 003 | OSt | ||
| 005 | 20250131104539.0 | ||
| 008 | 210210b1965 xxu||||| |||| 00| 0 eng d | ||
| 040 | _cAL | ||
| 041 | _aKannada | ||
| 082 | _aK894.8 GOVD | ||
| 100 |
_aGOVINDA PAI. _d ಗೋವಿಂದ ಪೈ _9196552 |
||
| 245 |
_aDivige:kratigalu-rashtrakavi Govinda Pai smaraka grantha. Bhaga 2. _bದೀವಿಗೆ: ಕೃತಿಗಳು- ರಾಷ್ಟ್ರಕವಿ ಗೋವಿಂದ ಪೈ ಸ್ಮಾರಕ ಗ್ರಂಥ. ಭಾಗ 2. |
||
| 260 |
_aKundapura _bGovinda Pai Smaraka Nidhi _c1965 |
||
| 300 | _a143 | ||
| 650 |
_aGovinda Pai Abhinandana _9196553 |
||
| 690 |
_aKannada Miscellaneous _9196554 |
||
| 906 | _a046556 | ||
| 942 |
_2ddc _cBK |
||
| 999 |
_c95356 _d95356 |
||